| 000 | 01007cam a22002415a 4500 | ||
|---|---|---|---|
| 001 | E147915 | ||
| 008 | 090701s2008 xxk f 000 0 eng d | ||
| 020 | _a9781847981196 | ||
| 035 | _a(Sirsi) u147915 | ||
| 041 | 0 | _aeng | |
| 050 | 0 | 4 | _a657.3 $2 18 |
| 110 | 2 |
_aAccounting Standards Board _93454 |
|
| 245 | 0 | 0 |
_aAmendments to FRS 26 (IAS 39)financial instruments, recognition and measurement, and FRS 29 (IFRS 7) financial instruments, disclosures _breclassification of financial assets |
| 260 |
_aKingston _bASB _c2008 |
||
| 300 |
_a22p. _c21cm. |
||
| 490 | 0 | _aASB Financial Reporting Standard | |
| 520 | _aSets out amendments to FRS 26 (IAS 39) on the recognition and measurement of financial instruments, and FRS 29 (IFRS 7) on disclosures. The amendments allow the reclassification of certain financial assets. | ||
| 521 | 2 | _aExpert | |
| 590 | _aKA | ||
| 651 | 4 |
_aUnited Kingdom _y |
|
| 690 | _aMANAGEMENT-BUSINESS MANAGEMENT-FINANCIAL MANAGEMENT-ACCOUNTING-FINANCIAL REPORTING | ||
| 942 | _n0 | ||
| 999 |
_c109786 _d109786 |
||